Stacje kolejowe pod względem liczby pasażerów - Statystyki

Ogólne statystyki
  • Ten quiz został rozwiązany 1 050 razy
  • Średni wynik to 37 z 88
Statystyki odpowiedzi
Hint Odpowiedź % Poprawnych
15 500 000 pasażerów Warszawa Centralna
95%
14 700 000 pasażerów Warszawa Zachodnia
93%
17 200 000 pasażerów Warszawa Wschodnia
92%
21 100 000 pasażerów Poznań Główny
90%
21 200 000 pasażerów Wrocław Główny
90%
8 400 000 pasażerów Gdańsk Główny
89%
15 500 000 pasażerów Kraków Główny
89%
14 900 000 pasażerów Gdynia Główna
85%
13 200 000 pasażerów Katowice
85%
5 400 000 pasażerów Szczecin Główny
81%
2 500 000 pasażerów Białystok
77%
1 800 000 pasażerów Lublin Główny
75%
2 700 000 pasażerów Rzeszów Główny
74%
4 500 000 pasażerów Bydgoszcz Główna
71%
3 400 000 pasażerów Łódź Fabryczna
71%
2 100 000 pasażerów Toruń Główny
70%
2 900 000 pasażerów Olsztyn Główny
69%
2 000 000 pasażerów Kielce
67%
2 000 000 pasażerów Kielce
67%
6 300 000 pasażerów Sopot
67%
4 000 000 pasażerów Gliwice
65%
4 000 000 pasażerów Opole Główne
65%
1 600 000 pasażerów Radom
62%
3 650 000 pasażerów Częstochowa
61%
1 600 000 pasażerów Zielona Góra Główna
59%
1 100 000 pasażerów Gorzów Wielkopolski
56%
1 100 000 pasażerów Kołobrzeg
54%
1 250 000 pasażerów Koszalin
54%
17 500 000 pasażerów Warszawa Śródmieście
54%
7 850 000 pasażerów Gdańsk Wrzeszcz
53%
2 500 000 pasażerów Łódź Widzew
53%
2 300 000 pasażerów Łódź Kaliska
52%
1 850 000 pasażerów Przemyśl Główny
52%
2 150 000 pasażerów Tarnów
52%
1 350 000 pasażerów Zabrze
52%
3 650 000 pasażerów Gdańsk Oliwa
50%
1 350 000 pasażerów Słupsk
48%
2 100 000 pasażerów Legnica
44%
1 200 000 pasażerów Sosnowiec Główny
44%
1 150 000 pasażerów Elbląg
43%
3 000 000 pasażerów Tczew
43%
1 650 000 pasażerów Bielsko-BIała Główna
41%
3 800 000 pasażerów Skierniewice
41%
1 200 000 pasażerów Tychy
39%
1 800 000 pasażerów Malbork
38%
1 850 000 pasażerów Leszno
37%
1 100 000 pasażerów Kutno
36%
1 800 000 pasażerów Pruszków
36%
2 400 000 pasażerów Siedlce
36%
7 000 000 pasażerów Wejherowo
36%
1 200 000 pasażerów Piła Główna
35%
2 200 000 pasażerów Gniezno
30%
3 900 000 pasażerów Rumia
30%
2 650 000 pasażerów Otwock
28%
3 300 000 pasażerów Żyrardów
28%
3 000 000 pasażerów Grodzisk Mazowiecki
27%
2 200 000 pasażerów Lębork
27%
2 300 000 pasażerów Warszawa Stadion
27%
1 150 000 pasażerów Gdynia Chylonia
26%
3 100 000 pasażerów Reda
26%
1 900 000 pasażerów Stargard
26%
8 200 000 pasażerów Warszawa Wileńska
26%
1 400 000 pasażerów Ostrów WIelkopolski
24%
1 350 000 pasażerów Zawiercie
24%
5 900 000 pasażerów Gdańsk Śródmieście
21%
3 350 000 pasażerów Warszawa Powiśle
21%
1 100 000 pasażerów Wrocław Mikołajów
21%
1 450 000 pasażerów Brzeg
20%
2 800 000 pasażerów Mińsk Mazowiecki
20%
1 150 000 pasażerów Łowicz Główny
19%
1 650 000 pasażerów Nowy Dwór Mazowiecki
19%
1 300 000 pasażerów Wołomin
19%
1 900 000 pasażerów Warszawa Ursus
18%
1 600 000 pasażerów Tłuszcz
16%
2 100 000 pasażerów Warszawa Rembertów
12%
1 650 000 pasażerów Sulejówek Miłosna
10%
1 100 000 pasażerów Milanówek
9%
2 550 000 pasażerów Sopot Kamienny Potok
9%
1 400 000 pasażerów Sopot Wyścigi
9%
2 450 000 pasażerów Gdańsk Przymorze-Uniwersytet
8%
2 500 000 pasażerów Gdańsk Żabianka
8%
2 350 000 pasażerów Gdańsk Zaspa
8%
3 000 000 pasażerów Gdynia Wzgórze Św Maksymiliana
8%
1 500 000 pasażerów Warszawa Aleje Jerozolimskie
7%
1 100 000 pasażerów Błonie
6%
1 200 000 pasażerów Wieliczka Rynek-Kopalnia
5%
1 350 000 pasażerów Wejherowo Nanice
4%
2 000 000 pasażerów Warszawa Choszczówka
3%
Nie znaleziono quizów pasujących do podanych kryteriów
Rozkład punktacji
Procent ludzi z każdym wynikiem
Percentyl według liczby udzielonych odpowiedzi
Twoja historia wyników
Nie rozwiązałeś tego quizu